| 000 | 00852nam a2200241 a 4500 | ||
|---|---|---|---|
| 999 |
_c925 _d925 |
||
| 001 | 9422 | ||
| 003 | BD-DhUAP | ||
| 005 | 20200129104416.0 | ||
| 008 | 200129s2000 bg a b 000 0 eng d | ||
| 020 | _a9840515411 | ||
| 040 |
_aDLC _cBD-DhUAP _bEng _dBD-DhUAP |
||
| 082 | 0 | 0 |
_a338.95492 TRE _223 |
| 245 | 0 | 0 |
_aTrends in the post-flood economy : _ba review of Bangladesh's development, 1998-99 / _cedited by Rehman Sobhan. |
| 260 |
_aDhaka : _bCentre for Policy Dialogue : _bUniversity Press, _cc2000. |
||
| 300 |
_aix, 97 pages : _billustrations ; _c25 cm. |
||
| 504 | _aIncludes bibliographical references. | ||
| 650 |
_aEconomic policy _zBangladesh. |
||
| 650 |
_aEconomic conditions. _zBangladesh. |
||
| 700 | 1 | _aSobhan, Rehman. | |
| 710 | 2 | _aCentre for Policy Dialogue (Bangladesh). | |
| 942 |
_2ddc _cBK |
||